|
|
|
|
| LEADER |
01147nam a22003251a 4500 |
| 001 |
000034957 |
| 003 |
11209 |
| 005 |
20240925093057.0 |
| 008 |
151027s2001 000 eng |
| 020 |
|
|
|a 0767417526
|
| 040 |
|
|
|a lnn
|c lnn
|d lnn
|
| 082 |
0 |
0 |
|a 519.5
|b KU-J
|
| 100 |
1 |
|
|a Kuzma, Jan W.
|
| 245 |
1 |
0 |
|a Basic statistics for the health sciences /
|c Jan W. Kuzma, Stephen E. Bohnenblust.
|
| 250 |
|
|
|a 4th ed.
|
| 260 |
|
|
|a Mountain View, CA :
|b Mayfield Pub. Co.,
|c c2001.
|
| 300 |
|
|
|a xvii, 364 p. :
|b ill. ;
|c 25 cm.
|
| 504 |
|
|
|a Includes bibliographical references (p. 349-352) and index.
|
| 650 |
|
0 |
|a Medical statistics.
|
| 650 |
|
0 |
|a Statistics.
|
| 700 |
1 |
|
|a Bohnenblust, Stephen E.
|
| OWN |
|
|
|a LNN
|
| AVA |
|
|
|a UDN50
|b LNN
|c English
|d 420.610 KU-J
|e available
|t Error 5001 Not defined in file expand_doc_bib_avail.
|f 1
|g 0
|h N
|i 0
|j AN
|k 1
|
| 999 |
|
|
|a From the UDN01
|
| AVA |
|
|
|a UDN50
|b LNN
|c English
|d 420.610 KU-J
|e available
|t Error 5001 Not defined in file expand_doc_bib_avail.
|f 1
|g 0
|h N
|i 0
|j AN
|k 1
|
| TYP |
|
|
|a Monograph
|
| 980 |
|
|
|a Mạng thư viện Đại học Đà Nẵng
|